01177nam a2200277Ia 4500001000700000003000500007008004100012010001100053040000900064090001700073100004900090245022000139260004100359300001100400502007600411650002700487700003700514901001700551902000600568910000900574942000600583942000600589999001900595952014200614952014300756Z_3849CHAP220113s2001 xx 000 0 und d a166910 cCHAP aTesis D 1534 aDomínguez Ríos, Marcia Guadalupe9141070 aEfecto del genotipo, densidad de siembra y dósis de fertilización en el rendimiento y valor nutritivo del maíz (Zea mays 1) para forraje /cpor Marcia Guadalupe Domínguez Ríos y Victor Hugo Arias Mariano aChapingo, Méx. :bEl autor,c2001 a138 h. aTesis (Ing. Agr. Esp. en Zootecnia) -- UACH. Departamento de Zootecnia aMaiz forrajero9141071 aArias Mariano, Victor Hugo97060 aTESIS D 1534 aM a2001 c2 c2 c166910d166910 00102local4051708TESISaZbZd2005-11-09eEL autorl0oTesis D66 1534 2001p5101002479r2022-01-18 00:00:00tEj.1w2022-01-18yTESIS 00102local4055708TESISaZbZd2005-11-09eEL autorl0oTesis D66 1534 2001 p5101002480r2022-01-18 00:00:00tEj.2w2022-01-18yTESIS